LIBRARY & INFORMATION CENTRE, KCAET, TAVANUR

ONLINE PUBLIC ACCESS CATALOGUE (OPAC)

The text book of welding technology (Record no. 1707)

MARC details
000 -LEADER
fixed length control field 00343cam a2200133ua 4500
020 ## - INTERNATIONAL STANDARD BOOK NUMBER
ISBN 9788189928360
082 ## - DEWEY DECIMAL CLASSIFICATION NUMBER
Classification number 671.52
Item number KHA/TE
100 ## - MAIN ENTRY--AUTHOR NAME
Personal name Khanna, O P .
245 ## - TITLE STATEMENT
Title The text book of welding technology
260 ## - PUBLICATION, DISTRIBUTION, ETC. (IMPRINT)
Place of publication New Delhi :
Name of publisher Dhanpat Rai Publishing Co. Pvt. Ltd. ,
Year of publication 1983.
-- 2011
300 ## - PHYSICAL DESCRIPTION
Number of Pages 748 ; .
300 ## - PHYSICAL DESCRIPTION
Number of Pages 946
942 ## - ADDED ENTRY ELEMENTS (KOHA)
Koha item type Books
Holdings
Withdrawn status Lost status Damaged status Home library Current library Date acquired Full call number Accession Number Koha item type Collection code Shelving location Source of acquisition Cost, normal purchase price
      KAUAET KAUAET 19/08/1986 671.52 15398 Books        
      KAUAET KAUAET 31/03/2012 671.52 KHA/TE 22876 Books Non-fiction General Stacks Cosmo Books, Calicut 285.00
      KAUAET KAUAET 31/03/2012 671.52 KHA/TE 22877 Books Non-fiction General Stacks Cosmo Books, Calicut 285.00
      KAUAET KAUAET 31/03/2012 671.52 KHA/TE 22878 Books Non-fiction General Stacks Cosmo Books, Calicut 285.00
free website counter